| 000 | 00687nam a22001937a 4500 | ||
|---|---|---|---|
| 999 |
_c12491 _d12491 |
||
| 003 | AR-CdUCM | ||
| 008 | 190409b ||||| |||| 00| 0 spa d | ||
| 040 |
_aMUNICIPALIDAD PROVINCIAL DEL CUSCO _cBIBLIOTECA MUNICIPAL DEL CUSCO |
||
| 082 |
_27ed. _a622.3 / _bH42 / 1907 |
||
| 100 |
_aHermosa, Francisco de P. _930353 |
||
| 245 | _aManual de laboreo de minas / | ||
| 260 |
_aParís : _bLibreria de la Vda de CH. Bouret, _c1907. |
||
| 300 |
_a443 páginas ; _c16 cm. |
||
| 440 |
_aEnciclopedia Popular _930354 |
||
| 505 | _anociones geológicas, de las busca de las minas, pozos artesianos, mineralogía... | ||
| 650 |
_aMinería. _9430 |
||
| 942 |
_2ddc _cLIBROS |
||
| 945 |
_awfj _d2019-04-09 |
||